00930nam a2200265 a 450000100060000000300080000600500170001400800410003103500190007204000370009104100080012808200280013610000370016424500760020125000120027726000490028930000310033850400260036965000360039565000210043170000400045294200120049299900170050495201430052172723BD-RjUL20211209082313.0170522s1967 enka b 000 0 eng d a(BD-RjUL)72941 aCOOcCOOdUKMdEQOdBD-RjULbeng aeng04223a584.90941bTHC 19671 aThomas, John Owend1904-921511110aCommon British grasses and legumes /cby J. O. Thomas and L. J. Davies. a4th ed. aLondon :bLongmans,cc1964 [Impression 1967] a122 p. :billus. ;c23 cm. aBibliography: p. 114. 0aGrasseszGreat Britain.9215112 0aLegumes.92151131 aDavies, Lionel Jamesd1912-9215114 2ddccBK c72723d72723 00102ddc40718NFICaRUCLbRUCLcReadingd1970-11-03eZeitlingerg21.00l0o584.90941 THC 1967r2017-05-22 00:00:00tC-1w2017-05-22yBK